• 首页
  • 本馆介绍
  • 公告通知
  • 最新文献
  • 馆藏检索
  • 电子资源
  • 读者导购
  • 参考咨询
  • 我的图书馆
  • 登录
  • 详细信息显示
  • 放入我的书架
  • 预约/预借图书
  • 作者相关作品
  • 分类相关作品
  • 丛书相关作品
  • 出版社相关作品

书目信息

  • 表格格式
  • 工作单格式
  • 卡片格式
题名:
马里
    
 
作者: 博伊歇尔特 著 ;上海外国语学院英语马里翻译小组 译
分册:  
出版信息: 上海   上海人民出版社  1976
页数: 258页
开本: 20cm
丛书名:
单 册:
中图分类: K448.0 , K448.0
科图分类:
主题词: 历史--马里 , 非洲--历史
电子资源:
ISBN:
000 00817nam0 2200265 45
001 0176001479
005 20061115155538.09
010    @dCNY0.86
100    @a19951017d1976 em y0chiy0121 ea
101 1  @achi@cger
102    @aCN@b310000
105    @ay z 000yy
200 10 @a马里@Ama li@f(西德)E.博伊歇尔特著@g上海外国语学院英语《马里》翻译小组译
210    @a上海@c上海人民出版社@d1976
215    @a258页@d20cm
306    @a原书书版于1966年
606    @a历史@y马里
606 0  @a非洲@x历史
690    @aK448.0@v3
690    @aK448.0@v3
701  1 @a博伊歇尔特@Abo yi xie er te@bE.@4著
712 02 @a上海外国语学院英语马里翻译小组@Ashang hai wai guo yu xue yuan ying yu ma li fan yi xiao zu@4译
801  2 @aCN@bNLC@c20061115
801  0 @aCN@b广东省中山图书馆@c20040330
905    @f1@b22571@dK448.0@e14
    
    马里/(西德)E.博伊歇尔特著/上海外国语学院英语《马里》翻译小组译.-上海:上海人民出版社,1976
    258页;20cm
    
    
    ISBN :CNY0.86
    
●
相关链接 在E读中查询图书 在五车中查询图书 在当当中查询图书 在豆瓣中查询图书


正题名:马里     索取号:K448.0/14         预约/预借

序号 登录号 条形码 馆藏地/架位号 状态 备注
1 0228413   001396108   第二样本阅览室/ [索取号:K448.0/14] 在馆    
唐山师范学院图书馆 欢迎您!
大连网信软件有限公司© 版权所有